मध्यप्रदेश लोक सेवा आयोग ( प्रारंभिक) परीक्षा द्वितीय पेपर (सामान्य अभिरूचि परीक्षण ) नोटस (2018 के हल प्रश्न पत्र सहित ) (Record no. 58487)
[ view plain ]
| 000 -LEADER | |
|---|---|
| fixed length control field | 00699nam a22001577a 4500 |
| 003 - CONTROL NUMBER IDENTIFIER | |
| control field | macl |
| 005 - DATE AND TIME OF LATEST TRANSACTION | |
| control field | 20181023132027.0 |
| 008 - FIXED-LENGTH DATA ELEMENTS--GENERAL INFORMATION | |
| fixed length control field | 181023b xxu||||| |||| 00| 0 eng d |
| 040 ## - CATALOGING SOURCE | |
| Transcribing agency | macl |
| 082 ## - DEWEY DECIMAL CLASSIFICATION NUMBER | |
| Classification number | 160 |
| 100 ## - MAIN ENTRY--PERSONAL NAME | |
| Personal name | बी ए बी |
| 9 (RLIN) | 69422 |
| 245 ## - TITLE STATEMENT | |
| Title | मध्यप्रदेश लोक सेवा आयोग ( प्रारंभिक) परीक्षा द्वितीय पेपर (सामान्य अभिरूचि परीक्षण ) नोटस (2018 के हल प्रश्न पत्र सहित ) |
| 260 ## - PUBLICATION, DISTRIBUTION, ETC. (IMPRINT) | |
| Place of publication, distribution, etc. | भोपाल |
| Name of publisher, distributor, etc. | बी एन बी |
| Date of publication, distribution, etc. | 2018 |
| 650 ## - SUBJECT ADDED ENTRY--TOPICAL TERM | |
| Topical term or geographic name as entry element | रिजनिंग |
| 9 (RLIN) | 73097 |
| 942 ## - ADDED ENTRY ELEMENTS (KOHA) | |
| Source of classification or shelving scheme | |
| Koha item type | Hindi Books |
| Withdrawn status | Lost status | Source of classification or shelving scheme | Damaged status | Not for loan | Home library | Current library | Date acquired | Cost, normal purchase price | Total Checkouts | Full call number | Barcode | Date last seen | Date last checked out | Price effective from | Koha item type |
|---|---|---|---|---|---|---|---|---|---|---|---|---|---|---|---|
| MACL | MACL | 23/10/2018 | 400.00 | 1 | 160 | GCLC00272 | 04/07/2023 | 04/07/2023 | 23/10/2018 | Hindi Books |









